00000000nas 2200000zi 4500
0019.902114
003CaOODSP
00520250905130916
006m     o  d f      
007cr |||||||||||
008210728c20169999oncar p o    f0###a0eng|d
022 |a2563-6642
040 |aCaOODSP|beng|erda|cCaOODSP
043 |an-cn---
0861 |aPS81-19E-PDF
1102 |aCorrectional Service Canada.|eauthor, |eissuing body.
222 0|aRestorative opportunities, victim offender mediation services ...
24510|aRestorative opportunities, victim offender mediation services ... |bcorrectional results for face-to-face meetings.
24613|aCorrectional results for face-to-face meetings
264 1|a[Ottawa] : |bCorrectional Service Canada = Service correctionnel Canada, |c2016-
310 |aAnnual
336 |atext|btxt|2rdacontent
337 |acomputer|bc|2rdamedia
338 |aonline resource|bcr|2rdacarrier
3621 |aBegan with 2015/2016.
500 |aIssued also in French under title: Possibilités de justice réparatrice, services de médiation entre la victime et le délinquant ...
588 |aDescription based on: 2015/2016.
588 |aLatest issue consulted: 2019/2020.
61020|aCorrectional Service Canada|vPeriodicals.
650 0|aRestorative justice|zCanada|vPeriodicals.
655 7|aPeriodicals|2lcgft
77508|tPossibilités de justice réparatrice, services de médiation entre la victime et le délinquant ... |w(CaOODSP)9.902117